| 000 | 00376 a2200109 4500 | ||
|---|---|---|---|
| 001 | ART_26135 | ||
| 005 | 20260410161855.0 | ||
| 008 | 260409a | ||
| 245 | 1 | 0 | _aEl sistema de tarjeta de crédito y la posición jurídica del consumidor |
| 100 | 1 | _aSaltzer, Anderson | |
| 773 | 0 |
_tDerecho privado _gDerecho del consumo - Año III, Nº 8 (jun. 2014) _wREV10455 |
|
| 999 |
_c25339 _d25339 |
||